Mengharung gelora

Bibliographic Details
Main Author: Sam Amiro
Format: Book
Published: Kuala Lumpur : Pustaka Perintis , 2006
Series:Siri antologi cerpen cereka masyarakat
Subjects:

MARC

LEADER 00000cam a2200000 7i4500
001 0000000623
005 20151222.0
008 070702
020 |a 9838323683 
090 0 0 |a JF   |b MAL 
100 0 |a Sam Amiro 
245 1 0 |a Mengharung gelora   |c Sam Amiro 
260 |a Kuala Lumpur :   |b Pustaka Perintis ,   |c 2006 
440 |a Siri antologi cerpen cereka masyarakat 
500 |a Children ages 10-12 years old (pink) 
650 0 |a Malay fiction 
999 |a 0000919430   |b Book   |c Children Collection   |e Cawangan Bukit Gambir 
999 |a 0000919431   |b Book   |c Children Collection   |e Cawangan Bukit Gambir 
999 |a 0000919432   |b Book   |c Children Collection   |e Cawangan Bukit Gambir 
999 |a 0000927498   |b Book   |c Children Collection   |e Cawangan Tangkak 
999 |a 0000927499   |b Book   |c Children Collection   |e Cawangan Tangkak 
999 |a 0000927500   |b Book   |c Children Collection   |e Cawangan Tangkak 
999 |a 0000960469   |b Book   |c Children Collection   |e Perbadanan Perpustakaan Awam Johor 
999 |a 0000960470   |b Book   |c Children Collection   |e Perbadanan Perpustakaan Awam Johor 
999 |a 0000960471   |b Book   |c Children Collection   |e Cawangan Pontian 
999 |a 0000960472   |b Book   |c Children Collection   |e Cawangan Taman Sri Lambak 
999 |a 0000960473   |b Book   |c Children Collection   |e Cawangan Sri Merlong